| 000 | 00536nam a22001697a 4500 | ||
|---|---|---|---|
| 005 | 20231121025312.0 | ||
| 008 | 231121b |||||||| |||| 00| 0 eng d | ||
| 020 | _a0333541960 | ||
| 082 |
_222 _a305.401. |
||
| 245 |
_aIntroducing Women's Studies : _bFeminist theory and practice / _cDiane Richardson, Victoria Robinson. |
||
| 260 |
_aLondon : _bThe Macmillan Press Ltd, _c1993. |
||
| 300 | _axvii, 421 p. | ||
| 650 | _aFeminist theory and Practice. | ||
| 700 |
_aRichardson, Diane. _eedt |
||
| 700 |
_aRobinson, Victoria. _eedt |
||
| 942 | _cL | ||
| 999 |
_c45 _d45 |
||